Sporcle Categorical Grab Bag: Begins with 'E' Quiz Stats

 Plays Quiz not verified by Sporcle

Score 0/45 Timer 06:00
5 Plays Today
Category Missing Word % Correct
Religion
In The Bible
Eve
96.7%
Geography
World Landmarks
Empire
96.5%
Geography
World Landmarks
Eiffel
96.5%
History
Historical Figures
Einstein
95.5%
Religion
In The Bible
Eden
94.8%
Holiday
Scary Movies for Halloween
Elm
94.5%
Music
Rock & Roll Hall of Famer by Song
Elvis Presley
93.3%
Just for Fun
3-Letter Word Ladder
ELF
92.7%
Gaming
Toys
Etch
92.6%
History
Historical Figures
Eisenhower
92.5%
Movies
Academy Award for Best Picture
Endearment
91.1%
Music
Rock & Roll Hall of Famer by Song
Eagles
90.8%
Just for Fun
3-Letter Word Ladder
ELK
90.4%
Gaming
Toys
Easy
89.7%
Miscellaneous
Food
Escargot
86.9%
Television
NBC Sitcoms
Eat
86.8%
Television
NBC Sitcoms
Earl
86.1%
History
Historical Figures
Elizabeth II
85.1%
Entertainment
Disney Animated Characters
Elsa
84.4%
Just for Fun
3-Letter Word Ladder
EEK
82.5%
Literature
Literary Characters
Eeyore
81.1%
Music
Rock & Roll Hall of Famer by Song
Elton John
80.8%
Movies
Academy Award for Best Picture
English
79.2%
Category Missing Word % Correct
Science
Chemistry Terms
Energy
78.8%
Movies
Academy Award for Best Picture
Eternity
78.1%
Sports
American Motorsports Hall of Famers
Earhart
76.5%
Science
Chemistry Terms
Electron
76.1%
Religion
In The Bible
Exodus
72.3%
Miscellaneous
Food
Eggos
72.1%
Science
Chemistry Terms
Elements
72%
Literature
Literary Characters
Edward Cullen
67.6%
Geography
World Landmarks
Edinburgh
66.7%
Literature
Literary Characters
Ebenezer Scrooge
65.2%
Holiday
Scary Movies for Halloween
Evil
64.6%
Sports
American Motorsports Hall of Famers
Earnhardt
64.2%
Holiday
Scary Movies for Halloween
Exorcist
62%
Entertainment
Disney Animated Characters
Esmeralda
61.1%
Miscellaneous
Food
Egg Roll
58.6%
Television
NBC Sitcoms
Empty
56.5%
Entertainment
Disney Animated Characters
Elastigirl
42.9%
Language
Spanish Nouns
Ensalada
41.3%
Language
Spanish Nouns
Esposa
40.5%
Language
Spanish Nouns
Elefante
37.2%
Gaming
Toys
Erector
34.4%
Sports
American Motorsports Hall of Famers
Elliott
12.3%

You're not logged in!

Compare scores with friends on all Sporcle quizzes.
OR
Log In

Sporcle TV

Today on Sporcle TV


Watch our educational content, quiz creation guides, and fun videos on Sporcle TV.

Show Comments

Extras

Top Quizzes Today


Score Distribution

Your Account Isn't Verified!

In order to create a playlist on Sporcle, you need to verify the email address you used during registration. Go to your Sporcle Settings to finish the process.

Report this User

Report this user for behavior that violates our Community Guidelines.

Details: